000 00317nam a2200121Ia 4500
008 190216s9999||||xx |||||||||||||| ||und||
100 _aDianezac
245 0 _aProgramming With Microsoft Visual Basic 5.0
260 _bGalgotia Publication Pvt Ltf
_c1998
300 _avb815p
650 _aComputer Science
942 _cBK
999 _c8632
_d8632